Russian-english dictionary of the mathematical sciences
Αποθηκεύτηκε σε:
| Κύριος συγγραφέας: | |
|---|---|
| Μορφή: | Βιβλίο |
| Γλώσσα: | Αγγλικά |
| Έκδοση: |
Providence
The American Mathematical Society
1961
|
| Θέματα: | |
| Ετικέτες: |
Προσθήκη ετικέτας
Δεν υπάρχουν, Καταχωρήστε ετικέτα πρώτοι!
|
MARC
| LEADER | 00000nam a2200000 a 4500 | ||
|---|---|---|---|
| 001 | UCW1397 | ||
| 003 | CL-VaPUC | ||
| 008 | 920615e19610000US |||||||||||||||||eng|d | ||
| 082 | 0 | 4 | |a 510.3 |b LOH |2 21 |
| 100 | |a Lohwater, A. J. |e autor |9 426364 | ||
| 245 | 1 | 0 | |a Russian-english dictionary of the mathematical sciences |
| 300 | |a 267 p | ||
| 942 | |c BK | ||
| 945 | |d 19920615 00:00:00 | ||
| 260 | |a Providence |b The American Mathematical Society |c 1961 | ||
| 650 | 0 | |a Matemática |9 260235 | |
| 650 | 7 | |a DICCIONARIOS RUSO |2 CL-VaPUC |9 270883 | |
| 650 | 7 | |a DICCIONARIOS INGLES |2 CL-VaPUC |9 261669 | |
| 583 | |a last modification |c 19920615 00:00:00 |k Rodrigo Vera | ||
| 999 | |c 216292 |d 216290 | ||
| 952 | |0 0 |1 0 |4 0 |6 510_300000000000000_LOH_1961 |7 0 |8 X |9 201892 |a BIBMAT |b BIBMAT |d 2019-11-14 |i 2690977 |o 510.3 LOH 1961 |p 2690977 |r 2025-01-07 |w 2019-11-14 |y BK_X |k MAT | ||